=LDR 00000nam 2200000 4500 =001 INLIS000000000032344 =005 20200228090306 =035 ##$$a 0010-061300000032344 =008 200228################g##########0#ind## =041 ##$$a Ind =090 ##$$a 133.32, And, p =100 1#$$a Anderson, Mary =245 1#$$a Pandai memahami manusia dengan Palmistri /$c Mary Anderson ; alih bahasa, Nurlistiawati =260 ##$$a Jakarta :$b Andi Tandur,$c 1991 =300 ##$$a 130 hlm : $b ilus. ; $c 19 x 14 cm. =850 ##$$a NBPNMAT =020 ##$$a 979-8780-39-6 =082 ##$$a 133.32 =084 ##$$a 133.32 AND p =650 #4$$a Palmistri =700 #$$a Nurlistiawati =990 ##$$a 117755/Pro-97